00488nam a2200121Ia 45000010005000000080041000050820022000461000082000682450157001502600018003079010026003259990015003511148241024s9999 xx 000 0 und d aRD/372/R426c/2010 aRepública Dominicana, Ministerio de Economía Planificación y Desarrollo 0aCuando seas grande ¿Cómo quieres que sea tu país? opiniones de niños y niñas visitantes a la XII Feria Internacional del Libro de Santo Domingo bMINERD/c2010 a3/2/2011 3:40:21 p.m. c8594d8594